000 00607nam a2200241Ia 4500
003 OSt
005 20221007071356.0
006 a|||||r|||| 00| 0
007 ta
008 221006b |||||||| |||| 00| 0 eng d
024 _a28,337
037 _cTextual
040 _aFLL
_cFLL
_beng
041 _2eng
_aeng
082 _aZ3:8e, J6;K2
100 _aWilliams W.J.
245 0 _aKelly's draftsman
250 _a11th
260 _aLondon
_bButterworths London
_c1962
300 _alxxxi,67p
_ccm.
942 _hZ3:8e, J6;K2
_cTEXL
_2CC
999 _c1143180
_d1143180